Yousuf-O-Zulaikha (Record no. 2498)

MARC details
000 -LEADER
fixed length control field 00607nam a2200253 a 4500
020 ## - INTERNATIONAL STANDARD BOOK NUMBER
ISBN
082 00 - DEWEY DECIMAL CLASSIFICATION NUMBER
Classification number 891.55
Author Cutter JAM
100 ## - MAIN ENTRY--AUTHOR NAME
Author name Jami, Abdur Rahman
245 ## - TITLE STATEMENT
Title Yousuf-O-Zulaikha
260 ## - PUBLICATION, DISTRIBUTION, ETC. (IMPRINT)
Place of publication Bombay
Name of publisher Matba Muzafari
Year of publication 1904
300 ## - PHYSICAL DESCRIPTION
Number of Pages 200p
500 ## - GENERAL NOTE
General note includes index and biblioraphy
505 2# - FORMATTED CONTENTS NOTE
Formatted contents note Index
650 ## - SUBJECT ADDED ENTRY--TOPICAL TERM
Topical Term Persian Poetry
650 ## - SUBJECT ADDED ENTRY--TOPICAL TERM
Topical Term Jami, Abdur Rahman-Poetry
942 ## - ADDED ENTRY ELEMENTS (KOHA)
Koha item type Books
700 1# -
-- Jami, Abdur Rahman
Holdings
Home library Current library Date acquired Cost, normal purchase price Full call number Accession Number Koha item type
Henry Martyn Institute Library Henry Martyn Institute Library   100.00 891.55 JAM 4503 Archive Book
Henry Martyn Institute Library Henry Martyn Institute Library   100.00 891.55 JAM 4523 Archive Book
                   Copyright © 2026 | Henry Martyn Institute | Hyderabad | TS-500052 | INDIA | Implemented by hmi.edu.in
Hit-Count:

Powered by Koha